Statistics for Kate Bush top 40 chart hits.

Click here to take the quiz!

General Stats

  • This quiz has been taken 311 times
  • The average score is 14 of 27

Answer Stats

HintAnswer% Correct
1978Wuthering Heights
98%
1985Running Up That Hill
90%
2012Running Up That Hill
90%
1980Babooshka
82%
1985Cloudbusting
82%
1986Hounds of Love
79%
1980Army Dreamers
71%
1979Wow
68%
1989This Woman's Work
64%
1980Breathing
60%
1981Sat in Your Lap
58%
1982The Dreaming
56%
1989The Sensual World
52%
1993Rubberband Girl
51%
2005King of the Mountain
49%
1978Man With The Child in his Eyes
48%
1986The Big Sky
47%
1994The Red Shoes
44%
1986Experiment IV
43%
1986Don't Give Up
33%
1990Love and Anger
30%
1993Moments of Pleasure
30%
1991Rocketman
29%
1980December Will Be Magic Again
25%
1994And So Is Love
22%
1994The Man I Love
14%
1979Kate Bush on Stage EP
3%

Score Distribution

Percentile by Number Answered

Percent of People with Each Score

Your Score History

You have not taken this quiz